00314nam a2200121Ia 4500008004100000041001200041082001100053100001500064245008400079260000600163650000600169700001700175221030s9999 xx 000 0 und d aEnglish a105.23 aM. K. Jain 0aNumerical Methods For Scientific and Engineeringcby M. K. Jain, S. R. K Jain c0 aB aS. R. K Jain